| Tag |
First Indicator |
Second Indicator |
Subfields |
| LEADER |
00000cam a2200000 a 4500 |
| 001 |
in00000993213 |
| 005 |
20150927152655.0 |
| 008 |
881109s1988 azuab b s00000 eng d |
| 035 |
|
|
|a (OCoLC)18727043
|
| 035 |
|
|
|9 AEX8010AM
|
| 040 |
|
|
|a AZU
|c AZU
|d UtOrBLW
|
| 043 |
|
|
|a n-us-az
|
| 049 |
|
|
|a TXAM
|
| 090 |
|
|
|a QE85
|b .C67 1988
|
| 245 |
0 |
0 |
|a Correlation of stratigraphic units in North America (COSUNA) documentation records for southern Arizona and vicinity /
|c O.E. Childs [and others].
|
| 264 |
|
1 |
|a [Tucson, Ariz.?] :
|b [Bureau of Geology and Mineral Technology?],
|c [1988]
|
| 300 |
|
|
|a 189 pages :
|b illustrations, maps ;
|c 28 cm.
|
| 336 |
|
|
|a text
|b txt
|2 rdacontent
|
| 337 |
|
|
|a unmediated
|b n
|2 rdamedia
|
| 338 |
|
|
|a volume
|b nc
|2 rdacarrier
|
| 490 |
1 |
|
|a Arizona Bureau of Geology and Mineral Technology Open-File Report ;
|v 88-3
|
| 500 |
|
|
|a "February 1988."
|
| 504 |
|
|
|a Includes bibliographies.
|
| 650 |
|
0 |
|a Geology
|z Arizona.
|
| 650 |
|
0 |
|a Geology, Stratigraphic.
|
| 700 |
1 |
|
|a Childs, Orlo E.
|
| 830 |
|
0 |
|a Open-file report (University of Arizona. Bureau of Geology and Mineral Technology) ;
|v 88-3.
|
| 999 |
|
|
|a MARS
|
| 999 |
f |
f |
|s 21fdd51f-8189-377a-a22d-716e17897569
|i 38a64a69-69f9-3180-aa2d-87b6f7b2a00e
|t 0
|
| 952 |
f |
f |
|p ric
|a Texas A&M University
|b Rellis Campus
|c Joint Library Facility
|d Remote Storage
|t 0
|e QE85 .C67 1988
|h Library of Congress classification
|i unmediated -- volume
|m A14813490863
|
| 998 |
f |
f |
|a QE85 .C67 1988
|t 0
|l Remote Storage
|